The epistles of John. (Record no. 6123)

000 -LEADER
fixed length control field 00581nam a2200181 a 4500
001 - CONTROL NUMBER
control field :::00003866$&:&@@
003 - CONTROL NUMBER IDENTIFIER
control field OkBaRHE
005 - DATE AND TIME OF LATEST TRANSACTION
control field 20000607103313.0
008 - FIXED-LENGTH DATA ELEMENTS--GENERAL INFORMATION
fixed length control field s1973 j 000 0 eng u
040 ## - CATALOGING SOURCE
Transcribing agency
100 1# - MAIN ENTRY--PERSONAL NAME
Personal name Greene, Oliver B.
245 14 - TITLE STATEMENT
Title The epistles of John.
260 ## - PUBLICATION, DISTRIBUTION, ETC. (IMPRINT)
Place of publication, distribution, etc Greenville, SC., :
Name of publisher, distributor, etc Gospel Hour, Inc.
Date of publication, distribution, etc 1973
300 ## - PHYSICAL DESCRIPTION
Extent 260 p. ;
Dimensions 20 cm.
650 ## - SUBJECT ADDED ENTRY--TOPICAL TERM
Topical term or geographic name as entry element Bible New Testament Epistles of John
General subdivision Criticism, Interpretation, etc.
942 ## - ADDED ENTRY ELEMENTS (KOHA)
Source of classification or shelving scheme
Koha item type Books
Copies
Date acquired Withdrawn status Date last seen Lost status Barcode Copy number Permanent Location Price effective from Damaged status Full call number Shelving location Not for loan Source of classification or shelving scheme Koha item type
2010-04-14 2018-04-03 38661RHEMA Bible Training College2010-04-14 BS 2805 .G67General Stacks  Books